<?xml version='1.0' encoding='UTF-8'?><?xml-stylesheet href='static/style.xsl' type='text/xsl'?><OAI-PMH xmlns="http://www.openarchives.org/OAI/2.0/" xmlns:xsi="http://www.w3.org/2001/XMLSchema-instance" xsi:schemaLocation="http://www.openarchives.org/OAI/2.0/ http://www.openarchives.org/OAI/2.0/OAI-PMH.xsd"><responseDate>2026-05-02T01:44:12Z</responseDate><request verb="GetRecord" identifier="oai:ebiltegia.mondragon.edu:20.500.11984/13964" metadataPrefix="marc">https://ebiltegia.mondragon.edu/oai/request</request><GetRecord><record><header><identifier>oai:ebiltegia.mondragon.edu:20.500.11984/13964</identifier><datestamp>2026-03-06T12:27:04Z</datestamp><setSpec>com_20.500.11984_473</setSpec><setSpec>col_20.500.11984_476</setSpec></header><metadata><record xmlns="http://www.loc.gov/MARC21/slim" xmlns:dcterms="http://purl.org/dc/terms/" xmlns:xsi="http://www.w3.org/2001/XMLSchema-instance" xmlns:doc="http://www.lyncode.com/xoai" xsi:schemaLocation="http://www.loc.gov/MARC21/slim http://www.loc.gov/standards/marcxml/schema/MARC21slim.xsd">
   <leader>00925njm 22002777a 4500</leader>
   <datafield ind2=" " ind1=" " tag="042">
      <subfield code="a">dc</subfield>
   </datafield>
   <datafield ind2=" " ind1=" " tag="720">
      <subfield code="a">Albisua, Neritzel</subfield>
      <subfield code="e">author</subfield>
   </datafield>
   <datafield ind2=" " ind1=" " tag="260">
      <subfield code="c">2025</subfield>
   </datafield>
   <datafield ind2=" " ind1=" " tag="520">
      <subfield code="a">Background: The Global Matrix initiative aims to create a world map of indicators related to physical activity to provide the&#xd;
most up-to-date information for decision-making. In the latest edition, three regions from Spain joined the initiative, based on a&#xd;
‘glocal’ approach. The objectives of this study were (i) to compare the grades of the Report Card and the public policies between&#xd;
and within the Spanish regions and with the national Report Card; (ii) to evaluate sex differences; and (iii) to identify differences&#xd;
in the policy priorities between regions and the national policy.&#xd;
Methods: The three regions studied and the country followed a harmonized process to develop a Report Card. The common&#xd;
physical activity indicators included in the Global Matrix 4.0 were analysed. The Government indicator was analysed using an&#xd;
approved methodology. Additionally, sex-specific information was provided. Report Card leaders provided the main priorities to&#xd;
improve the indicators included in the analysis, and a comparison by indicator was performed.&#xd;
Results: Regional differences were observed in the grades assigned to the behavioural indicators included; however, the average&#xd;
grades were similar, with Extremadura showing the lowest average. Grades for the sources of influence indicators differed in the&#xd;
analysed Report Cards.&#xd;
Conclusion: Regional Report Cards analysed in Spain differ among themselves, with similar average grades in the behavioural&#xd;
indicators. These identified regional differences could lead to a more ‘glocal’ approach that will allow for more efficient action&#xd;
at the local level.</subfield>
   </datafield>
   <datafield ind1="8" ind2=" " tag="024">
      <subfield code="a">0305-1862</subfield>
   </datafield>
   <datafield ind1="8" ind2=" " tag="024">
      <subfield code="a">1365-2214</subfield>
   </datafield>
   <datafield ind1="8" ind2=" " tag="024">
      <subfield code="a">https://katalogoa.mondragon.edu/janium-bin/janium_login_opac.pl?find&amp;ficha_no=190852</subfield>
   </datafield>
   <datafield ind1="8" ind2=" " tag="024">
      <subfield code="a">https://hdl.handle.net/20.500.11984/13964</subfield>
   </datafield>
   <datafield tag="653" ind2=" " ind1=" ">
      <subfield code="a">Adolescents</subfield>
   </datafield>
   <datafield tag="653" ind2=" " ind1=" ">
      <subfield code="a">Children</subfield>
   </datafield>
   <datafield tag="653" ind2=" " ind1=" ">
      <subfield code="a">Physical activity</subfield>
   </datafield>
   <datafield tag="653" ind2=" " ind1=" ">
      <subfield code="a">Public health</subfield>
   </datafield>
   <datafield tag="653" ind2=" " ind1=" ">
      <subfield code="a">Surveillance</subfield>
   </datafield>
   <datafield ind2="0" ind1="0" tag="245">
      <subfield code="a">Think Globally, Act Locally: A Glocal Approach Based on the Regional Report Cards From Spain in the AHKGA Global Matrix 4.0</subfield>
   </datafield>
</record></metadata></record></GetRecord></OAI-PMH>